स्वस्थ रहें , मस्त रहें / (Record no. 207070)

MARC details
000 -LEADER
fixed length control field 00716nam a22001817a 4500
005 - DATE AND TIME OF LATEST TRANSACTION
control field 20241127124155.0
010 ## - LCCN (DPL NO)
LC control number HIN-128821
020 ## - INTERNATIONAL STANDARD BOOK NUMBER
International Standard Book Number 9789395911924
Terms of availability 550.00
035 ## - SYSTEM CONTROL NUMBER
System control number HN-101167
037 ## - SOURCE OF ACQUISITION
Source of stock number/acquisition DBAD
082 ## - DEWEY DECIMAL CLASSIFICATION NUMBER
Classification number 613
100 ## - MAIN ENTRY--PERSONAL NAME
Personal name भाटिया, मनीष
245 ## - TITLE STATEMENT
Title स्वस्थ रहें , मस्त रहें /
Statement of responsibility, etc मनीष भाटिया
260 ## - PUBLICATION, DISTRIBUTION, ETC. (IMPRINT)
Place of publication, distribution, etc दिल्ली
Name of publisher, distributor, etc अंकित पब्लिकेशन
Date of publication, distribution, etc 2024
270 ## - ADDRESS
Address आर-69, तीसरा तल माडल टाउन-3 ,
City दिल्ली
Postal code 110009
300 ## - PHYSICAL DESCRIPTION
Extent 175पृ.
Dimensions 22सेमी(सजिल्द)
942 ## - ADDED ENTRY ELEMENTS (KOHA)
Source of classification or shelving scheme Dewey Decimal Classification
Item type Hindi Books
Classification part 613
Call number suffix भाटिया
Holdings
Withdrawn status Lost status Not for loan Collection code Home library Current library Date acquired Source of acquisition Cost, normal purchase price Full call number Barcode Copy number Cost, replacement price Koha item type
      Non-fiction Bawana Bawana 27/11/2024 DBAD 550.00 613 भाटिया HN-101167 1 550.00 Hindi Books

© Delhi Public Library
Hit Counter
free hit counter